00421 a2200169 4500001000700000020001800007041000800025100002100033250001000054300001100064490002000075830002000095856002400115040002500139245005800164260002900222112664 a9781407111803 apor aGoldsmith, Mike. a. ed. a192 p. aHorrible famous aHorrible famous u000021/000021f9.jpg aBR-BrIDEAcBR-BrIDEA10aEinstein and his inflatable universec Mike Goldsmith a[S.l.]bScholasticc2001